000 00432nam a22001577a 4500
999 _c19020
_d19020
008 210819b xxu||||| |||| 00| 0 eng d
020 _a9781473982086
050 _aRA 418
_b.W45 2017 C.1
100 _aWhite, Kevin
245 _aAn introduction to the sociology of health and illness
_cKevin White
250 _a3rd ed.
260 _aLondon:
_bSage,
_c2017
300 _axi, 226p,
650 _aSocial Medicine
942 _2lcc
_cBK